000 00783nam a2200217Ii 4500
003 JO-AjNU
008 230605s9999||||xx |||||||||||||| ||und||
017 _a2021/7/2883
020 _a978-9957-94-738-5
040 _aJO-AjNU
_bara
_erda
_cJO-AjNU
041 _aara
050 1 4 _aNK1473.6 2021
100 3 _aالكوفحي، خليل,
_eauthor
_963761
245 0 0 _aوحي الألوان لوحات تشكلية أردنية
264 3 1 _aعمان: وزارة الثقافه، 2021
300 _a154ص
_bاصدارات مئوية الدولة الاردنية 2021
336 _atext
_btxt
_2rdacontent
337 _aunmediated
_bn
_2rdamedia
338 _avolume
_bnc
_2rdacarrier
650 4 _aالرسوم الفنية-الفنون التشكليلية-الأردن
_963762
999 _aA28939
_c32507
_d32507